书目信息 |
| 题名: |
利玛窦中国札记
|
|
| 作者: | 金尼阁 , 利玛窦 著 ;何高济 译 | |
| 分册: | 上册 | |
| 出版信息: | 北京 中华书局 1983 |
|
| 页数: | 311页 | |
| 开本: | 19cm | |
| 丛书名: | 中外关系史名著译丛 | |
| 单 册: | ||
| 中图分类: | K248.3 | |
| 科图分类: | ||
| 主题词: | 中国--历史 | |
| 电子资源: | ||
| ISBN: | ||
| 000 | 00969nam2 2200301 45 | |
| 001 | 0183003569 | |
| 005 | 20060817082811.75 | |
| 010 | @dCNY2.30 | |
| 091 | @a11018.1102 | |
| 100 | @a19950728d1983 em y0chiy0121 ea | |
| 101 | 1 | @achi@cita |
| 102 | @aCN@b110000 | |
| 105 | @afc z 000yy | |
| 200 | 10 | @a利玛窦中国札记@i上册@Ali ma dou zhong guo zha ji@f(意)利玛窦, 金尼阁著@g何高济等译 |
| 210 | @a北京@c中华书局@d1983 | |
| 215 | @a311页@c图照@d19cm | |
| 225 | 2 | @a中外关系史名著译丛 |
| 300 | @a书名原文:China in the Sixteeth Century:The Journals of Mathew Ricci | |
| 410 | 0 | @120010@a中外关系史名著译丛 |
| 510 | 1 | @aChina in the Sixteeth Century:The Journals of Mathew Ricci@zeng |
| 606 | 0 | @a中国@x历史 |
| 690 | @aK248.3@v3 | |
| 701 | 1 | @a金尼阁@Ajin ni ge@4著 |
| 701 | 1 | @a利玛窦@Ali ma dou@4著 |
| 702 | 0 | @a何高济@Ahe gao ji@4译 |
| 801 | 2 | @aCN@bNLC@c20060817 |
| 801 | 0 | @aCN@b上海图书馆@c20031224 |
| 905 | @dK248.3@e14:1@f1@b115461@b115457@f1 | |
| 利玛窦中国札记.上册/(意)利玛窦, 金尼阁著/何高济等译.-北京:中华书局,1983 |
| 311页:图照;19cm.-(中外关系史名著译丛) |
| 书名原文:China in the Sixteeth Century:The Journals of Mathew Ricci |
| ISBN :CNY2.30 |
| ● |
| 相关链接 |
|
|
|
|
正题名:利玛窦中国札记
索取号:K248.3/14:1
 
预约/预借
| 序号 | 登录号 | 条形码 | 馆藏地/架位号 | 状态 | 备注 |
| 1 | 0115453 | 001858476 | 密集书库/ [索取号:K248.3/14:1] | 在馆 | |
| 2 | 0115456 | 001858519 | 密集书库/ [索取号:K248.3/14:1] | 在馆 | |
| 3 | 0115457 | 001312181 | 第二样本阅览室/ [索取号:K248.3/14:1] | 在馆 | |
| 4 | 0115459 | 001858555 | 密集书库/ [索取号:K248.3/14:1] | 在馆 | |
| 5 | 0115460 | 001858412 | 密集书库/ [索取号:K248.3/14:1] | 在馆 | |
| 6 | 0115461 | 001312172 | 第二借阅区/ [索取号:K248.3/14:1] | 在馆 | |
| 7 | 0115462 | 001858591 | 密集书库/ [索取号:K248.3/14:1] | 在馆 | |
| 8 | 0115463 | 001858608 | 密集书库/ [索取号:K248.3/14:1] | 在馆 | |
| 9 | 0465992 | 204659921 | 密集书库/ [索取号:K248.3/14:1] | 在馆 |